Gluteal/Hip Muscles - Statistics

General Stats
  • This quiz has been taken 16 times
  • The average score is 5 of 10
Answer Stats
Picture Answer % Correct
Gluteus Maximus
100%
Gluteus Minimus
100%
Gluteus Medius
85%
Piriformis
46%
Obturator Externus
31%
Obturator Internus
31%
Quadratus Femoris
23%
Tensor Fasciae Latae
23%
Inferior Gemellus
15%
Superior Gemellus
15%
No matching quizzes found
Score Distribution
Percent of People with Each Score
Percentile by Number Answered
Your Score History
You have not taken this quiz